000 00509 a2200169 4500
999 _c1702
_d1702
020 _a9780073530284
050 _aHM 1261 PIE 2008
100 _aPierce, Jon L
_eauthor
245 _aLeaders and the leadership process:
_breadings, self-assessmentsand applications /
250 _a5th ed.
264 _aNew york:
_bMcGraw-Hill;
_c2008
300 _axivi, 530p.
_bill.(col.)
500 _aincludes index
650 _aLeadership
700 _aNewstrom, John W
_eauthor
942 _2lcc
_cBK
_e5th ed.
_h1261
_iPIE
_kHM